Zažíhať hviezdy Hovoríme so zaslúžilou učiteľkou profesorkou Idou Černeckou

Bibliographic Details
Other Authors: Litschauerová, Nina, 1924-2001 (Interviewer)
Format: Article
Language:Slovak
PhysicalDescription:Obr. 1.
Subjects:

MARC

LEADER 00000nab a2200000 a 4500
001 vtls000354898
003 SK-MaSNL
005 20260304013556.0
008 160215c1989 xo 0 slo
015 |a SNBRB19rr/mm-uuuuu 
035 |a CL0355020 
040 |a SNKBUCL  |b slo  |c SNKBUCL  |e AACR2 
041 0 |a slo 
044 |a xo  |c SK 
080 |a 78.071.4  |2 1981 
080 |a 378.124  |2 1981 
080 |a 78  |2 1981 
080 |a 929 Černecká, Ida  |2 1981 
100 1 |a Černecká, Ida,  |d 1920-2009  |4 ive  |9 9633 
245 1 0 |a Zažíhať hviezdy  |b Hovoríme so zaslúžilou učiteľkou profesorkou Idou Černeckou  |c Ida Černecká, Nina Litschauerová 
300 |b Obr. 1. 
600 1 7 |a Černecká, Ida,  |d 1920-2009  |2 snkbucl  |9 9633 
655 7 |a rozhovory  |2 snkbucl  |9 31831 
655 7 |a články z novín a časopisov  |2 snkbucl  |9 267496 
700 1 |a Litschauerová, Nina,  |d 1924-2001  |4 ivr  |9 5081 
773 0 |t Televízia  |g Roč. 24, č. 16 (1989), s. 28 
850 |a Slovenská národná knižnica v Martine  |a MTA001 
852 |a SNK  |b KIS3GCP 
958 |a BX 
958 |a RK 
992 |a RBX 
999 |c 2576513  |d 2578443